| 000 | 01005cam a2200253 a 4500 | ||
|---|---|---|---|
| 001 | C00634300c-X | ||
| 003 | CO-ViMGA | ||
| 005 | 20230915223802.0 | ||
| 008 | 991207s1999 ck r 00010 spa d | ||
| 020 | _a9589235816 | ||
| 040 |
_aCO-ViMGA _bspa _cCO-ViMGA |
||
| 043 | _acl----- | ||
| 082 | 0 | 4 |
_a309.18 _bD86v _220 ed. |
| 100 | 1 |
_aDuque Naranjo, Rafael, _d1939- _910991 |
|
| 245 | 0 | 4 |
_aLas venas abiertas de América Latina : _bEduardo Galeano :Análisis de ensayo / _cResúmen y comentarios por Rafael Duque Naranjo. |
| 260 |
_aSanta Fe de Bogotá : _bEditorial Esquilo, _c1999. |
||
| 300 |
_a112 p. ; _c22 cm. |
||
| 504 | _aIncluye bibliografía. | ||
| 600 | 1 | 6 |
_aGaleano, Eduardo, _d1940-2015 _x Crítica e interpretación. _910996 |
| 630 | 4 | 0 |
_aLas venas abiertas de América Latina _x Análisis literario. _910998 |
| 630 | 4 | 0 |
_aLas venas abiertas de América Latina _x Crítica e interpretación. _910997 |
| 651 |
_aAmérica Latina _x Aspectos socioeconómicos. _910999 |
||
| 942 |
_2ddc _cBK |
||
| 999 |
_c10424 _d10424 |
||